000 00286 a2200121 4500
000 nam a22 7a 4500
005 20260202151714.0
020 _a9789348409348
100 _aJawahar Lal Nehru
_91113183
245 _aMeri Kahani
260 _bAnanya Prakashan
_c2025
942 _cTEXL
999 _c1678501
_d1678501